Der altägyptische Greif : von der Vielfalt eines "Fabeltiers" /
المؤلف الرئيسي:
التنسيق: كتاب
اللغة: German
منشور في:
Hamburg :
Helmut Buske Verlag,
2014.
سلاسل:
Studien zur altagyptischen Kultur. Beihefte ;
15.
SAK (Beihefte) ;
15.
الموضوعات:
الوسوم: إضافة وسم
رقم الطلب: DT57 .S925 v.15
| LEADER | 00946namaa2200289 4500 | ||
|---|---|---|---|
| 003 | OSt | ||
| 005 | 20260422112815.0 | ||
| 008 | 130303s2014 gw a b 001 0 ger d | ||
| 020 | |a 9783875487060 | ||
| 040 | |c ARCE Library | ||
| 043 | |a f-ua--- | ||
| 050 | 4 | |a DT57 .S925 v.15 | |
| 100 | 1 | |a Gerke, Sonja, |e author |9 30609 | |
| 245 | 1 | 4 | |a Der altägyptische Greif : |b von der Vielfalt eines "Fabeltiers" / |c Sonja Gerke. |
| 264 | 1 | |a Hamburg : |b Helmut Buske Verlag, |c 2014. | |
| 300 | |a xii, 300 pages : |b illustrations ; |c 27 cm. | ||
| 490 | 1 | |a Studien zur altagyptischen Kultur. Beihefte ; |v 15. | |
| 490 | 1 | |a SAK (Beihefte) ; |v 15. | |
| 504 | |a Includes bibliograhical references and index. | ||
| 650 | 0 | |a Animals, Mythical. | |
| 650 | 0 | |a Egyptology. | |
| 651 | 0 | |a Egypt |x Antiquities. | |
| 830 | 0 | |a Studien zur altagyptischen Kultur. Beihefte ; |v 15. | |
| 830 | 0 | |a SAK (Beihefte) ; |v 15. | |
| 901 | |a reviewed | ||
| 942 | |c BK |2 lcc | ||
| 999 | |c 8772 |d 8772 | ||
